Giới thiệu nội dung ôn tập, đề kiểm tra học kì và cuối năm môn sinh học : Lớp 10
Nội dung sách nhằm giúp các em học sinh có tài liệu ôn tập thi học kì và cuối năm của sinh học tế bào và sinh học vi sinh vật.
Na minha lista:
| Autor principal: | |
|---|---|
| Formato: | Livro |
| Idioma: | Undetermined |
| Publicado em: |
Hà Nội
Giáo dục Việt Nam
2012
|
| Assuntos: | |
| Tags: |
Adicionar Tag
Sem tags, seja o primeiro a adicionar uma tag!
|
| Thư viện lưu trữ: | Trung tâm Học liệu Trường Đại học Cần Thơ |
|---|
| LEADER | 00929nam a2200229Ia 4500 | ||
|---|---|---|---|
| 001 | CTU_190929 | ||
| 008 | 210402s9999 xx 000 0 und d | ||
| 020 | |c 18000 | ||
| 082 | |a 570.712 | ||
| 082 | |b H401 | ||
| 100 | |a Nguyễn, Thu Hòa | ||
| 245 | 0 | |a Giới thiệu nội dung ôn tập, đề kiểm tra học kì và cuối năm môn sinh học : | |
| 245 | 0 | |b Lớp 10 | |
| 245 | 0 | |c Nguyễn Thu Hòa | |
| 260 | |a Hà Nội | ||
| 260 | |b Giáo dục Việt Nam | ||
| 260 | |c 2012 | ||
| 520 | |a Nội dung sách nhằm giúp các em học sinh có tài liệu ôn tập thi học kì và cuối năm của sinh học tế bào và sinh học vi sinh vật. | ||
| 650 | |a Biology,Sinh học | ||
| 650 | |x Study and teaching (secondary),Học và giảng dạy (trung học) | ||
| 904 | |i Tuyến | ||
| 980 | |a Trung tâm Học liệu Trường Đại học Cần Thơ | ||